| 000 | 00727nam a2200205 a 4500 | ||
|---|---|---|---|
| 005 | 20250901165331.0 | ||
| 008 | 891109s1987 nyua b 001 0 eng | ||
| 010 | _a 88134183 | ||
| 020 | _a0070064334 | ||
| 050 | 0 | 0 |
_aTK6553 _b.B56213 1987 |
| 082 | 0 | 0 |
_a621.384/11 _220 |
| 100 | 1 | _aBoithias, Lucien. | |
| 245 | 1 | 0 |
_aRadio wave propagation / _cLucien Boithias ; translated by David Beeson ; foreword by L-J Libois. |
| 250 | _aRev. and updated 1987. | ||
| 260 |
_aNew York : _bMcGraw-Hill, _c1987. |
||
| 300 |
_a330 p. : _bill. ; _c24 cm. |
||
| 500 | _aTranslation of: Propagation des ondes radioélectriques dans l'environnement terrestre. | ||
| 500 | _aIncludes index. | ||
| 942 |
_2lcc _hTK6553 .B65 1987 |
||
| 999 |
_c2314 _d2314 |
||